PSU Ciencias: Biología, Física y Química: módulo común obligatorio 1§ y 2§ Medio. Cuaderno de ejercicios

Tallennettuna:
Bibliografiset tiedot
Päätekijät: Mundigo Schorr, Irene A. (autora), Guzmán Porras, Javier Andrés (Tekijä)
Muut tekijät: Ormazábal Díaz-Muñoz, Miguel Ramón (autor)
Aineistotyyppi: Kirja
Kieli:espanja
Julkaistu: Santiago Universidad Católica de Chile 2006
Painos:3a. ed
Aiheet:
Tagit: Lisää tagi
Ei tageja, Lisää ensimmäinen tagi!

MARC

LEADER 00000nam a2200000 a 4500
001 UCG1360
003 CL-VaPUC
008 100429e20060000CL |||||||||||||||||spa|d
020 |a 9789561408784 
082 0 4 |a 507.12  |b MUN  |2 21 
100 |a Mundigo Schorr, Irene A.  |e autora  |9 549282 
700 |a Ormazábal Díaz-Muñoz, Miguel Ramón  |e autor  |9 549283 
700 |a Guzmán Porras, Javier Andrés  |e author  |9 549284 
245 1 0 |a PSU Ciencias: Biología, Física y Química: módulo común obligatorio 1§ y 2§ Medio. Cuaderno de ejercicios 
250 |a 3a. ed 
300 |a 291 p 
942 |c BK 
945 |d 20100429 00:00:00  |a dcastane 
260 |a Santiago  |b Universidad Católica de Chile  |c 2006 
650 0 |a Educación  |9 258661 
650 7 |a PRUEBAS EDUCACIONALES  |2 CL-VaPUC  |9 415967 
650 0 |a Biología  |9 262022 
650 0 |a Física   |9 227844 
650 0 |a Química  |9 259896 
650 0 |a Problemas, ejercicios, etc  |9 259377 
583 |a last modification  |c 20100429 00:00:00  |k Rodrigo Vera 
999 |c 340764  |d 340762